Dallas Cowboys Career Receiving Leaders - Statistics

General Stats
  • This quiz has been taken 441 times
    30 since last reset
  • The average score is 11 of 36
Answer Stats
Hint Answer % Correct
11,904 Michael Irvin
100%
7,416 CeeDee Lamb
93%
12,977 Jason Witten
89%
7,459 Dez Bryant
70%
3,012 Emmitt Smith
63%
7,822 Drew Pearson
52%
3,893 Amari Cooper
48%
2,274 Preston Pearson
48%
3,377 Terrance Williams
48%
3,271 Cole Beasley
41%
2,029 Jake Ferguson
41%
3,587 Terrell Owens
41%
3,744 Michael Gallup
37%
4,481 Miles Austin
37%
2,405 Ezekiel Elliott
33%
2,124 Butch Johnson
30%
3,576 Jay Novacek
26%
3,432 Tony Dorsett
22%
7,988 Tony Hill
22%
2,486 Alvin Harper
19%
2,122 Dalton Schultz
19%
2,556 Herschel Walker
19%
7,295 Bob Hayes
15%
2,227 Daryl Johnston
11%
2,888 Patrick Crayton
11%
3,337 Terry Glenn
11%
2,341 Joey Galloway
4%
3,083 Kelvin Martin
4%
2,525 Mike Renfro
4%
2,281 Rocket Ismail
4%
2,368 Billy Howton
0%
3,565 Billy Joe Dupree
0%
3,728 Doug Cosbie
0%
5,214 Frank Clarke
0%
3,521 Lance Rentzel
0%
2,028 Ron Springs
0%
No matching quizzes found
Score Distribution
Percent of People with Each Score
Percentile by Number Answered
Your Score History
You have not taken this quiz since the last reset